000 01979nam a2200481 c 4500
003 BLK
005 20250103094506.0
008 180409b bul|||||r ||||||| ||bul||
010 _aKNG00103168000
020 _a954-474-321-9
_bиздат.: Кибеа
040 _aBLK
041 _aBUL
_cBUL
080 _aИталианска литература
_b821.131.1
_x-312.6
_z821.131.1-312.6
080 _aСкулптура. Общи въпроси
_b730
_x.034.071.1(45)(092)
_z730.034.071.1(45)(092)
080 _a
_b929 Челини, Бенвенуто
_x
_z929 Челини, Бенвенуто
100 1 _aЧелини, Бенвенуто
_eпърви автор
_9141216
700 1 _aЗлатаров, Светозар
_eпрев. от итал.
_9364389
139 _aЧелини, Бенвенуто
_bЧ 52
245 1 0 _aМоят живот
_cБенвенуто Челини; прев. от итал. Светозар Златаров.
257 _aITA
260 София
_bКибеа
_c2002
_fСофия : Балкан Прес АД
300 _a512 с.
_c20 см
380 _aX
490 1 _aСерия Познай себе си)(Серия Личности
500 _aОриг. загл. Vita di Benvenuto Cellini ; La vita di Benvenuto Cellini ; Vita. - Офс. изд.
600 1 4 _aЧелини, Бенвенуто
_9141216
650 4 _aСкулптори, италиански
_9260718
650 4 _aЧелини, Бенвенуто
_9141216
651 4 _aИталия
_9178965
653 _aромани
653 _aбиографии
653 _aБенвенуто Челини
653 _aскулптори
653 _aИталия
653 _aРенесанс
653 _aроманизувани биографии
852 _aЦб 212604
856 4 _qpdf
_u
856 4 _qpdf
_u
942 _cKNG
_n0
_09
944 _aCR
_c01.01.2002
_k30576
_lЦветомила Тодорова
944 _aED
_c01.12.2012
_k
999 _c98233
_d98233